Statistiques concernant Les 10 plus grandes villes des États-Unis en 1800

Cliquez ici pour prendre le quiz!

Statistiques générales

  • Ce quiz a été pris 198 fois
  • Le résultat moyen est 4 sur 10

Statistiques - réponses

RangVilles% Correct
1New York
99%
4Boston
91%
2Philadelphie
80%
3Baltimore
53%
9Providence
24%
5Charleston
17%
10Norfolk
8%
8Salem
7%
6Northern Liberties Township
1%
7Southwark
1%

Distribution des résultats

Percentile par nombre de réponses

% des personnes avec chaque résultat

Votre développement - résultats

Vous n’avez pas pris ce quiz